Perkusný hudobný nástroj - cajon

Saved in:
Bibliographic Details
Main Author: Soós, Jakub, 1989- (Author)
Other Authors: Paliatka, Peter, 1952- (Thesis advisor)
Format: Manuscript Book
Language:Slovak
Published: Bratislava : STU v Bratislave FA, 2014
Subjects:
Online Access:VAIS
Tags: Add Tag
No Tags, Be the first to tag this record!

MARC

LEADER 00000ntm a22000003a 4500
001 stu290697
005 20210317092629.9
008 140607s2014----xo------------------slo-d
040 |a STU  |b slo 
041 0 |a slo 
044 |a xo 
100 1 |a Soós, Jakub,  |d 1989-  |4 aut  |u A  |T FAD Fakulta architektúry  |X 59045  |U A  |Y 50  |7 A000059045 
242 0 0 |a Percussion Musical Instrument – Cajon  |y eng 
245 1 |a Perkusný hudobný nástroj - cajon 
260 |a Bratislava :  |b STU v Bratislave FA,  |c 2014 
650 7 |a ergonomics  |2 estusub 
650 7 |a wood  |2 estusub 
650 7 |a ergonómia  |2 stusub 
650 7 |a drevo  |2 stusub 
650 7 |a hudobný nástroj  |2 stusub 
700 1 |a Paliatka, Peter,  |d 1952-  |4 ths  |u A9190  |U FAD Fakulta architektúry a dizajnu  |U FAD Fakulta architektúry  |T FA Ústav dizajnu  |X 332  |U A9190  |Y 400  |7 A000000332 
856 4 |a info a plný text  |u http://is.stuba.sk/zp/portal_zp.pl?podrobnosti=98099  |u https://opac.crzp.sk/?fn=detailBiblioForm&sid=B0185F20487F70888A1E3360D476  |3 VAIS